<?xml version="1.0" encoding="UTF-8"?>
<collection xmlns:xsi="http://www.w3.org/2001/XMLSchema-instance" xsi:schemaLocation="http://www.loc.gov/MARC21/slim http://www.loc.gov/standards/marcxml/schema/MARC21slim.xsd" xmlns="http://www.loc.gov/MARC21/slim">
 <record>
  <leader>000000000a22000000004500</leader>
  <controlfield tag="001">26900</controlfield>
  <controlfield tag="003">OSt</controlfield>
  <controlfield tag="005">20250425111420.0</controlfield>
  <controlfield tag="008">160427s        pt ||||| |||| 00| 0 por d</controlfield>
  <datafield tag="040" ind1=" " ind2=" ">
   <subfield code="c">centro_manes</subfield>
  </datafield>
  <datafield tag="041" ind1="1" ind2=" ">
   <subfield code="a">por</subfield>
  </datafield>
  <datafield tag="100" ind1="1" ind2=" ">
   <subfield code="a">Abrantes, Paulo</subfield>
   <subfield code="9">15413</subfield>
  </datafield>
  <datafield tag="245" ind1="0" ind2="0">
   <subfield code="a">Matemática: 8º ano de escolaridade</subfield>
  </datafield>
  <datafield tag="250" ind1=" " ind2=" ">
   <subfield code="a">2ª ed.</subfield>
  </datafield>
  <datafield tag="260" ind1="3" ind2=" ">
   <subfield code="a">Lisboa</subfield>
   <subfield code="b">Texto</subfield>
   <subfield code="c">1986</subfield>
  </datafield>
  <datafield tag="300" ind1=" " ind2=" ">
   <subfield code="a">207 p.;</subfield>
   <subfield code="c">17x24 cm</subfield>
  </datafield>
  <datafield tag="561" ind1=" " ind2=" ">
   <subfield code="5">pt-BNP</subfield>
   <subfield code="a">Portugal. Biblioteca Nacional de Portugal</subfield>
   <subfield code="k">MANES</subfield>
  </datafield>
  <datafield tag="650" ind1=" " ind2="0">
   <subfield code="a">Matemáticas</subfield>
   <subfield code="9">24</subfield>
  </datafield>
  <datafield tag="655" ind1=" " ind2=" ">
   <subfield code="a">Secundaria</subfield>
   <subfield code="9">7</subfield>
  </datafield>
  <datafield tag="700" ind1="1" ind2=" ">
   <subfield code="a">Carvalho, Raúl Fernando</subfield>
   <subfield code="9">15414</subfield>
   <subfield code="a">Rosa, Víctor</subfield>
   <subfield code="9">15415</subfield>
  </datafield>
  <datafield tag="942" ind1=" " ind2=" ">
   <subfield code="2">ddc</subfield>
   <subfield code="c">BK</subfield>
  </datafield>
  <datafield tag="546" ind1=" " ind2=" ">
   <subfield code="a">Portugal</subfield>
  </datafield>
  <datafield tag="999" ind1=" " ind2=" ">
   <subfield code="c">28362</subfield>
   <subfield code="d">28362</subfield>
  </datafield>
  <datafield tag="999" ind1=" " ind2=" ">
   <subfield code="c">manes:28362</subfield>
   <subfield code="d">28362</subfield>
  </datafield>
 </record>
</collection>
